[Event "POLFINAL MISTRZOSTW POLSKI JUNIOROW 2017 - C15"]
[Site "Jastrzebia Gora"]
[Date "2017-11-19"]
[Round "2.2"]
[White "Warchol, Bartosz"]
[Black "Dytman, Radoslaw"]
[Result "1-0"]
[WhiteTitle "I++"]
[BlackTitle "I"]
[WhiteElo "1963"]
[BlackElo "1708"]

1. d4 Nf6 2. c4 g6 3. Nf3 Bg7 4. Nc3 d5 5. cxd5 Nxd5 6. e4 Nb6 7. Be3 O-O 8. Qd2
Re8 9. Be2 Bg4 10. b3 N8d7 11. O-O e5 12. Rfd1 Qe7 13. d5 f5 14. Bg5 Bf6 15. h4
Nc5 16. exf5 gxf5 17. Rac1 Rad8 18. b4 Ne4 19. Nxe4 fxe4 20. Bxf6 Qxf6 21. Ng5
Bxe2 22. Qxe2 Nxd5 23. Qxe4 Qg6 24. Rxd5 Qxe4 25. Nxe4 Rxd5 26. Nf6+ Kf7 27. Nxd5
c6 28. Ne3 Ke6 29. Rd1 Rf8 30. g3 h5 31. Kg2 b6 32. Nc4 b5 33. Na5 Rc8 34. Nb3
e4 35. Nc5+ Ke5 36. Re1 Kd4 37. Rxe4+ Kc3 38. a3 Kb2 39. Re3 Rd8 40. f3 Rd4 41.
Kh3 1-0

[Event "POLFINAL MISTRZOSTW POLSKI JUNIOROW 2017 - C15"]
[Site "Jastrzebia Gora"]
[Date "2017-11-19"]
[Round "2.3"]
[White "Strzelecki, Maciej"]
[Black "Lendzion, Kamil"]
[Result "1-0"]
[WhiteTitle "I"]
[BlackTitle "II"]
[WhiteElo "1929"]
[BlackElo "1687"]

1. e4 c5 2. Nf3 a6 3. c3 Nf6 4. e5 Nd5 5. d4 cxd4 6. cxd4 Nc6 7. Bc4 Nb6 8. Bb3
e6 9. O-O Be7 10. Nc3 O-O 11. Qe2 d6 12. Rd1 Qc7 13. Bf4 dxe5 14. dxe5 Bd7 15.
Rac1 Rfd8 16. Ne4 Be8 17. Nd6 Nc8 18. Ng5 h6 19. Nxe8 Rxe8 20. Nxf7 Bg5 21. Nxg5
hxg5 22. Qh5 Qf7 23. Qxg5 N8e7 24. Rd7 Rad8 25. Qg4 Rxd7 26. Bxe6 Nd5 27. Bxf7+
Rxf7 28. Bg3 Nb6 29. Re1 Rfe7 30. e6 Nd8 31. Qd4 Nc8 32. Bh4 Nc6 33. Qg4 Rc7 34.
Qf4 Rd7 35. h3 Nb6 36. Qe3 Rd4 37. Bg3 Nd5 38. Qf3 Nf6 39. Be5 Rxe6 40. Qb3 Rd5
41. f4 b5 42. g4 Nd4 43. Bxd4 Rxe1+ 44. Kf2 Kh7 45. Bxf6 1-0

[Event "POLFINAL MISTRZOSTW POLSKI JUNIOROW 2017 - C15"]
[Site "Jastrzebia Gora"]
[Date "2017-11-19"]
[Round "2.4"]
[White "Posluszny, Tomasz"]
[Black "Wierzbicki, Michal"]
[Result "1-0"]
[WhiteTitle "I"]
[BlackTitle "I"]
[WhiteElo "1655"]
[BlackElo "1894"]

1. d4 Nf6 2. c4 e6 3. Nf3 b6 4. g3 Bb7 5. Bg2 Be7 6. O-O O-O 7. d5 exd5 8. Nh4
c6 9. cxd5 cxd5 10. Nf5 Na6 11. Nc3 Nc7 12. Bf4 d6 13. e4 Bc8 14. Nd4 Bb7 15.
exd5 Ncxd5 16. Nxd5 Nxd5 17. Qb3 Nxf4 18. Bxb7 Rb8 19. Ba6 Nh3+ 20. Kg2 Qd7 21.
Bb5 Qg4 22. f4 Bf6 23. Be2 Qd7 24. Rad1 Rfe8 25. Bb5 Qg4 26. Bxe8 Rxe8 27. Qf3
Nxf4+ 28. Qxf4 1-0

[Event "POLFINAL MISTRZOSTW POLSKI JUNIOROW 2017 - C15"]
[Site "Jastrzebia Gora"]
[Date "2017-11-19"]
[Round "2.5"]
[White "Ossolinski, Ziemowit"]
[Black "Chaczynski, Kamil"]
[Result "1/2-1/2"]
[WhiteTitle "I"]
[BlackTitle "I"]
[WhiteElo "1865"]
[BlackElo "1649"]

1. e4 e6 2. d4 d5 3. exd5 exd5 4. Bd3 Bd6 5. Qf3 Nf6 6. h3 Be6 7. Ne2 Nbd7 8. O-O
c6 9. Bf4 Qc7 10. Nd2 h6 11. Rfe1 g5 12. Bxd6 Qxd6 13. Ng3 O-O-O 14. Nf5 Bxf5
15. Bxf5 Rhe8 16. Nb3 Re7 17. Rxe7 Qxe7 18. Nc5 Re8 19. Qb3 b6 20. Nd3 Kc7 21.
Qa4 Kb7 22. c3 h5 23. Re1 Qd6 24. Rxe8 Nxe8 25. Qd1 Ng7 26. Qf3 Nxf5 27. Qxf5
f6 28. h4 Qe7 29. hxg5 fxg5 30. Qg6 Qe4 31. Qf7 Qxd3 32. Qxd7+ Ka6 33. Qc8+ Kb5
34. a4+ Kxa4 35. Qxc6+ Kb3 36. Qxd5+ Kxb2 37. c4 Qc3 38. Qb5+ Ka3 39. Qa6+ Kb3
40. Qb5+ Ka3 41. Qa6+ 1/2-1/2

[Event "POLFINAL MISTRZOSTW POLSKI JUNIOROW 2017 - C15"]
[Site "Jastrzebia Gora"]
[Date "2017-11-19"]
[Round "2.6"]
[White "Skowron, Mateusz"]
[Black "Kukorowski, Jan"]
[Result "1/2-1/2"]
[WhiteTitle "I"]
[BlackTitle "I"]
[WhiteElo "1616"]
[BlackElo "1797"]

1. e4 e6 2. d4 d5 3. Nd2 c5 4. exd5 Qxd5 5. Ngf3 cxd4 6. Bc4 Qd6 7. O-O Nf6 8.
Re1 Nc6 9. Nb3 Be7 10. Nbxd4 Nxd4 11. Nxd4 O-O 12. c3 Bd7 13. Bb3 Bc6 14. Bg5
Rad8 15. Qe2 Rfe8 16. Rad1 Qc5 17. Be3 Qa5 18. Nxc6 bxc6 19. Qc4 Rc8 20. Bd4 Nd5
21. Be5 c5 22. Qg4 Nf6 23. Bxf6 Bxf6 24. Rd7 c4 25. Bc2 Red8 26. Rxd8+ Qxd8 27.
Rd1 Qb6 28. Rd2 g6 29. Be4 Bg7 30. Qe2 Qa5 31. a3 Qc5 32. h3 Re8 33. Rd7 a5 34.
Bf3 Rb8 35. Rd1 Qb5 36. Rd2 Bh6 37. Rd1 Qxb2 38. Rd8+ Bf8 39. Rxb8 Qxb8 40. Qxc4
Bxa3 41. Qa4 Qb1+ 42. Kh2 Bd6+ 43. g3 Qb6 44. Kg2 Bc5 45. Qa2 a4 46. Qxa4 Bxf2
47. Qc2 Bc5 48. Qa2 Qd6 49. Qe2 Bb6 50. c4 Qc5 51. Qf1 e5 52. Bd5 Qe7 53. Qf3
Kg7 54. g4 f6 55. Qe4 Qc5 56. Qe1 Qd4 57. Be6 e4 58. Bd5 e3 59. Kf3 Qb2 60. Qe2
Qa1 61. Kg2 Qe5 62. Bf3 Qf4 63. Qd3 Bc7 64. Qe2 Qg3+ 65. Kf1 Qxh3+ 66. Bg2 Qg3
67. c5 Qf4+ 68. Kg1 Qe5 69. c6 Qa1+ 70. Qf1 Qb2 71. Qe1 Bb6 72. Bf3 Qf2+ 73. Qxf2
exf2+ 74. Kg2 Kh6 75. c7 Bxc7 76. Kxf2 Kg5 77. Kg2 f5 78. gxf5 Kxf5 79. Kh3 Kg5
80. Bg4 h5 81. Bd1 1/2-1/2

[Event "POLFINAL MISTRZOSTW POLSKI JUNIOROW 2017 - C15"]
[Site "Jastrzebia Gora"]
[Date "2017-11-19"]
[Round "2.7"]
[White "Golecki, Jan"]
[Black "Golinski, Kacper"]
[Result "1-0"]
[WhiteTitle "I++"]
[BlackTitle "II+"]
[WhiteElo "1796"]
[BlackElo "1633"]

1. e4 e5 2. Nf3 Nf6 3. Nxe5 d6 4. Nf3 Nxe4 5. Qe2 Qe7 6. d3 Nf6 7. Bg5 Qxe2+ 8.
Bxe2 Be7 9. Nc3 c6 10. d4 Be6 11. h3 Nbd7 12. Bf4 O-O-O 13. O-O-O Rhe8 14. Rhe1
d5 15. Bd3 h6 16. a3 Nb6 17. Rd2 Bd6 18. Bxd6 Rxd6 19. Rde2 Rdd8 20. g4 g5 21.
Nd1 Rg8 22. Ne3 h5 23. Bf5 Bxf5 24. Nxf5 hxg4 25. hxg4 Kb8 26. Ne5 Nbd7 27. f3
Nxe5 28. Rxe5 Rge8 29. Ne7 Rd7 30. Nxc6+ bxc6 31. Rxe8+ Nxe8 32. Rxe8+ Kc7 33.
Re5 f6 34. Rf5 Rd6 35. f4 gxf4 36. Rxf4 Re6 37. Kd2 a6 38. b3 Kb6 39. c4 a5 40.
Kd3 Rd6 41. c5+ 1-0

[Event "POLFINAL MISTRZOSTW POLSKI JUNIOROW 2017 - C15"]
[Site "Jastrzebia Gora"]
[Date "2017-11-19"]
[Round "2.8"]
[White "Zareba, Maciej"]
[Black "Kulesza, Andrzej"]
[Result "1-0"]
[WhiteTitle "II+"]
[BlackTitle "I"]
[WhiteElo "1517"]
[BlackElo "1784"]

1. d4 Nf6 2. Nf3 e6 3. Bf4 d5 4. e3 a6 5. c4 Bb4+ 6. Nc3 Ne4 7. Rc1 c5 8. a3 cxd4
9. Nxd4 Nxc3 10. bxc3 Bd6 11. Bxd6 Qxd6 12. cxd5 Qxd5 13. Qb3 Qxb3 14. Nxb3 O-O
15. Be2 Nc6 16. Rd1 e5 17. Bf3 Rd8 18. O-O Kf8 19. Bxc6 Rxd1 20. Rxd1 bxc6 21.
Na5 c5 22. Nc6 f6 23. Rd8+ Kf7 24. Rd6 Bf5 25. f3 Ke8 26. Na5 Bd7 27. Nb3 Ke7
28. Rb6 c4 29. Nc5 Bc8 30. Ne4 Ra7 31. Rc6 Bd7 32. Rxc4 f5 33. Nd2 a5 34. e4 Kd6
35. exf5 Kd5 36. g4 Rb7 37. Re4 Rb2 38. Nc4 Rb1+ 39. Kf2 Bb5 40. Ne3+ Kd6 41.
Nc4+ Kd5 42. Nxe5 Rb2+ 43. Kg3 Bf1 44. h4 Rb3 45. c4+ Kc5 46. g5 Kd6 47. f6 gxf6
48. gxf6 Rb8 49. Nf7+ Kd7 50. Re7+ Kc6 51. Ne5+ Kd6 52. c5+ Kd5 53. f7 Bb5 54.
c6 Rf8 55. Re8 Rxf7 56. Nxf7 Bxc6 57. Rd8+ Ke6 58. Rd6+ Kxf7 59. Rxc6 a4 60. Kf4
1-0

[Event "POLFINAL MISTRZOSTW POLSKI JUNIOROW 2017 - C15"]
[Site "Jastrzebia Gora"]
[Date "2017-11-19"]
[Round "2.9"]
[White "Zolkiewski, Jakub"]
[Black "Gazda, Dominik"]
[Result "1/2-1/2"]
[WhiteTitle "I"]
[BlackTitle "II+"]
[WhiteElo "1774"]
[BlackElo "1512"]

1. d4 g6 2. c4 Bg7 3. Nc3 c5 4. d5 Bxc3+ 5. bxc3 f5 6. Nf3 Nf6 7. Qc2 Qa5 8. Rb1
d6 9. e3 Nbd7 10. Bd3 Nb6 11. O-O e5 12. dxe6 Bxe6 13. Nd2 O-O-O 14. Re1 Qa6 15.
Qb2 Ng4 16. Bf1 Ne5 17. a3 Nexc4 18. Qa2 d5 19. Nxc4 Nxc4 20. a4 Qc6 21. Rd1 Nd6
22. Qc2 Rhf8 23. Bb5 Nxb5 24. Rxb5 b6 25. Ba3 Kc7 26. Rdb1 Rb8 27. a5 f4 28. Qa4
a6 29. axb6+ Rxb6 30. Bxc5 axb5 31. Qa7+ Rb7 32. Qa5+ 1/2-1/2

[Event "POLFINAL MISTRZOSTW POLSKI JUNIOROW 2017 - C15"]
[Site "Jastrzebia Gora"]
[Date "2017-11-19"]
[Round "2.10"]
[White "Grochol, Kamil"]
[Black "Iwanczuk, Krzysztof"]
[Result "0-1"]
[WhiteTitle "I"]
[BlackTitle "II"]
[WhiteElo "1739"]
[BlackElo "1408"]

1. e4 c6 2. d3 d6 3. f4 Qc7 4. Nf3 Bg4 5. Be3 e5 6. Nbd2 Nd7 7. h3 Bxf3 8. Nxf3
g6 9. g3 Bg7 10. c3 Ne7 11. Bg2 h6 12. O-O f5 13. Nh4 exf4 14. gxf4 O-O-O 15.
a4 Kb8 16. a5 Bf6 17. Nf3 Rhg8 18. Qc1 g5 19. fxg5 hxg5 20. Nxg5 Bxg5 21. Bxg5
Nc5 22. Bxe7 Qxe7 23. Qc2 fxe4 24. dxe4 Qh4 25. Rf3 Nxe4 26. Raf1 Ng5 27. Qd3
Nxf3+ 28. Rxf3 Qe1+ 29. Rf1 Qh4 30. Rf3 Qg5 31. Rf2 Qxa5 32. b4 Qe5 33. Re2 Rg3
34. Rxe5 Rxd3 35. Re4 Rxc3 36. h4 d5 37. Re5 Rc4 38. h5 Rxb4 39. h6 Rh8 40. Rh5
Rg4 41. Kf2 Rg6 42. h7 Rg7 0-1

[Event "POLFINAL MISTRZOSTW POLSKI JUNIOROW 2017 - C15"]
[Site "Jastrzebia Gora"]
[Date "2017-11-19"]
[Round "2.11"]
[White "Marciniak, Leonard"]
[Black "Kucharski, Bartlomiej"]
[Result "1-0"]
[WhiteTitle "II"]
[BlackTitle "I"]
[WhiteElo "1420"]
[BlackElo "1946"]

1. Nf3 Nf6 2. d4 c5 3. c3 e6 4. Bg5 d5 5. e3 h6 6. Bh4 Be7 7. Bd3 O-O 8. Nbd2 c4
9. Bc2 Nc6 10. O-O b5 11. Qe2 a5 12. Rfe1 Bb7 13. Ne5 Nxe5 14. dxe5 Nd7 15. Bxe7
Qxe7 16. f4 Rfd8 17. Nf3 Nc5 18. Nd4 Qd7 19. Red1 b4 20. f5 Qc7 21. fxe6 fxe6
22. Qh5 Qf7 23. Bh7+ Kf8 24. Rf1 Rd7 25. Bg6 1-0

[Event "POLFINAL MISTRZOSTW POLSKI JUNIOROW 2017 - C15"]
[Site "Jastrzebia Gora"]
[Date "2017-11-19"]
[Round "2.12"]
[White "Kukula, Karol"]
[Black "Lesniak, Kacper"]
[Result "1-0"]
[WhiteTitle "I"]
[BlackTitle "II"]
[WhiteElo "1778"]
[BlackElo "1350"]

1. e4 e6 2. d4 d5 3. Nd2 Nf6 4. e5 Nfd7 5. Bd3 c5 6. c3 Nc6 7. Ne2 Qb6 8. Nf3 Qa5
9. O-O cxd4 10. cxd4 Qc7 11. Be3 a6 12. Rc1 b5 13. Ng3 Qb6 14. Ng5 h6 15. Qh5
Nd8 16. Nxf7 Nxf7 17. Bg6 Ndxe5 18. dxe5 Qb7 19. Rc2 Bb4 20. Rfc1 Ba5 21. Bxf7+
Qxf7 22. Rxc8+ Rxc8 23. Rxc8+ Bd8 24. Rxd8+ Ke7 25. Rd7+ Ke8 26. Qxf7# 1-0

[Event "POLFINAL MISTRZOSTW POLSKI JUNIOROW 2017 - C15"]
[Site "Jastrzebia Gora"]
[Date "2017-11-19"]
[Round "2.13"]
[White "Sapinski, Sebastian"]
[Black "Maciejewski, Kamil"]
[Result "0-1"]
[WhiteTitle "II"]
[BlackTitle "I"]
[WhiteElo "1361"]
[BlackElo "1778"]

1. d4 Nf6 2. Nf3 d5 3. e3 c5 4. c3 Nc6 5. Nbd2 e6 6. Bd3 Bd6 7. Qe2 O-O 8. O-O
Qc7 9. dxc5 Bxc5 10. e4 Bd6 11. Re1 Ng4 12. h3 Nge5 13. Bc2 Re8 14. Nxe5 Nxe5
15. Nf3 Bd7 16. Nxe5 Bxe5 17. Be3 Bc6 18. Qg4 dxe4 19. Bxe4 f5 20. Bxf5 exf5 21.
Qxf5 Qf7 22. Qg4 Re6 23. Re2 Rg6 24. Qh4 Rxg2+ 25. Kf1 Qd5 26. Rd2 Rg1+ 27. Ke2
Bb5+ 28. c4 Bxc4+ 29. Rd3 Qxd3+ 0-1

[Event "POLFINAL MISTRZOSTW POLSKI JUNIOROW 2017 - C15"]
[Site "Jastrzebia Gora"]
[Date "2017-11-19"]
[Round "2.14"]
[White "Cisek, Kamil"]
[Black "Sloniewski, Michal"]
[Result "1-0"]
[WhiteTitle "I"]
[BlackTitle "I"]
[WhiteElo "1562"]
[BlackElo "1694"]

1. e4 c6 2. d4 d5 3. Nc3 dxe4 4. Nxe4 Nd7 5. Nf3 Ngf6 6. Nxf6+ Nxf6 7. Bc4 Bg4
8. Bxf7+ Kxf7 9. Ne5+ Kg8 10. Nxg4 e6 11. O-O Be7 12. Re1 Qd6 13. c3 Rd8 14. Bg5
Nxg4 15. Qxg4 Bxg5 16. Qxg5 Kf7 17. Re3 Rhe8 18. Qh5+ Kg8 19. Rae1 Re7 20. Qg4
Rde8 21. Re5 Qd7 22. f4 a6 23. h4 Kh8 24. Qe2 g6 25. h5 Kg7 26. hxg6 hxg6 27.
Qg4 Kf7 28. R1e3 Rg8 29. Rg5 Kf6 30. Qh4 Kf7 31. Reg3 Qe8 32. Qg4 Kf6 33. Rh3
Rgg7 34. Rh6 Rg8 35. f5 Reg7 36. Kf2 Qf7 37. Kf3 Qe8 38. Rhxg6+ Rxg6 39. Rxg6+
Rxg6 40. Qxg6+ Qxg6 41. fxg6 Kxg6 42. Ke4 Kf6 43. g4 a5 44. g5+ Kxg5 45. Ke5 a4
46. Kxe6 Kf4 47. Kd6 Ke3 48. Kc7 Kd2 49. Kxb7 Kc2 50. Kxc6 Kxb2 51. d5 Kxa2 52.
d6 Kb2 53. d7 Kxc3 54. d8=Q Kb2 55. Kb5 a3 56. Kb4 a2 57. Qd2+ Kb1 58. Kb3 1-0

[Event "POLFINAL MISTRZOSTW POLSKI JUNIOROW 2017 - C15"]
[Site "Jastrzebia Gora"]
[Date "2017-11-19"]
[Round "2.15"]
[White "Pelka, Michal"]
[Black "Dziodko, Mateusz"]
[Result "1-0"]
[WhiteTitle "I"]
[BlackTitle "II"]
[WhiteElo "1693"]
[BlackElo "1075"]

1. e4 e5 2. Nf3 Nc6 3. d4 d6 4. dxe5 Nxe5 5. Nxe5 dxe5 6. Qxd8+ Kxd8 7. Bc4 f6
8. Nc3 c6 9. Bd2 Bd7 10. O-O-O Kc7 11. Be3 Bb4 12. Rd3 Bxc3 13. bxc3 Ne7 14. Rhd1
Rhd8 15. Bc5 Ng6 16. Bd6+ Kc8 17. Bf7 Nf4 18. R3d2 Be6 19. Bxe6+ Nxe6 20. g3 a6
21. f4 exf4 22. gxf4 g6 23. e5 f5 24. Rf1 b5 25. h4 Ra7 26. Rh2 h5 27. Rg2 Rg7
28. Rg3 Kb7 29. Rd3 Kc8 30. Kd2 Kb7 31. Ke2 Kc8 32. Rg3 Rdg8 33. Ke3 Kd7 34. Rfg1
a5 35. Rb1 Nc7 36. Bxc7 Kxc7 37. Rg2 Rd8 38. Rbg1 Rdg8 39. Rd2 Rd8 40. Rxd8 Kxd8
41. Kd4 Rd7+ 42. Kc5 Kc7 43. c4 bxc4 44. Rxg6 Rd5+ 45. Kxc4 Rd2 46. Rg5 Rxc2+
47. Kd3 Rxa2 48. Rxf5 Ra3+ 49. Kd4 Ra4+ 50. Kc5 Re4 51. Rf7+ Kd8 52. Kxc6 a4 53.
Kd6 Ke8 54. Ke6 a3 55. Ra7 Kd8 56. f5 Rxh4 57. f6 Rf4 58. f7 a2 59. Rxa2 h4 60.
Ra8+ 1-0

[Event "POLFINAL MISTRZOSTW POLSKI JUNIOROW 2017 - C15"]
[Site "Jastrzebia Gora"]
[Date "2017-11-19"]
[Round "2.16"]
[White "Bojczewski, Mateusz"]
[Black "Ugrewicz, Ludwik"]
[Result "1-0"]
[WhiteTitle "II"]
[BlackTitle "II"]
[WhiteElo "1634"]
[BlackElo "1429"]

1. d4 d5 2. c4 e6 3. g3 Nf6 4. Bg2 Bd7 5. Nf3 Nc6 6. Ne5 Nxe5 7. dxe5 Bb4+ 8. Bd2
Bxd2+ 9. Qxd2 Ne4 10. Bxe4 dxe4 11. Nc3 Bc6 12. Qe3 Qe7 13. O-O O-O 14. Nxe4 Bxe4
15. Qxe4 b6 16. Rfd1 Rfd8 17. Rd3 Rxd3 18. exd3 Rd8 19. Rd1 Qb4 20. b3 Qa3 21.
Qe2 c5 22. h4 Qa6 23. f3 Rd4 24. Qc2 Qb7 25. Kf2 Qd7 26. Ke3 Qc7 27. f4 Qb7 28.
b4 Qc6 29. b5 Qb7 30. a4 f6 31. exf6 gxf6 32. Qe2 Qg7 33. Kf2 e5 34. fxe5 fxe5
35. Re1 Qf6+ 36. Kg2 Qf5 37. Qxe5 Qxe5 38. Rxe5 Rxd3 39. Re8+ Kg7 40. Ra8 Rd7
41. Rc8 Kf6 42. a5 Ke5 43. axb6 axb6 44. Rb8 Rd6 45. Rb7 h6 46. Rc7 h5 47. Rh7
Kd4 48. Rxh5 Kxc4 49. g4 Kb3 50. g5 c4 51. Rh6 Rd8 52. Rxb6 c3 53. Rc6 c2 54.
g6 Kb2 55. b6 c1=Q 56. Rxc1 Kxc1 57. h5 Rg8 58. Kf3 Kd2 59. b7 Kd3 60. Kf4 Kd4
61. g7 Kc5 62. h6 Kc6 63. b8=Q Rxb8 64. h7 Rb3 65. Ke5 1-0

[Event "POLFINAL MISTRZOSTW POLSKI JUNIOROW 2017 - C15"]
[Site "Jastrzebia Gora"]
[Date "2017-11-19"]
[Round "2.17"]
[White "Kinczewski, Franciszek"]
[Black "Dzwierzynski, Bartosz"]
[Result "0-1"]
[WhiteTitle "II"]
[BlackTitle "I"]
[WhiteElo "1448"]
[BlackElo "1851"]

1. e4 c5 2. Nf3 d6 3. b3 Nf6 4. Nc3 g6 5. Bb2 Bg7 6. Bd3 Nc6 7. Qe2 O-O 8. h4 h5
9. O-O-O a6 10. Bc4 e6 11. Kb1 b5 12. Bd3 Nd4 13. Qe3 Ng4 14. Qe1 Bd7 15. Nxd4
Bxd4 16. Rf1 Qxh4 17. g3 Qf6 18. f4 b4 19. Na4 Bxa4 20. Bxd4 Qxd4 21. bxa4 c4
22. Be2 b3 23. Bxg4 bxc2+ 24. Kxc2 Rab8 25. Rc1 hxg4 26. Qf2 Qd3+ 27. Kd1 c3 28.
Rh1 c2+ 29. Rxc2 Rb1+ 30. Rc1 Rxc1+ 31. Kxc1 Rb8 0-1

[Event "POLFINAL MISTRZOSTW POLSKI JUNIOROW 2017 - C15"]
[Site "Jastrzebia Gora"]
[Date "2017-11-19"]
[Round "2.18"]
[White "Piekielny, Pawel"]
[Black "Jankowski, Igor"]
[Result "1-0"]
[WhiteTitle "I"]
[BlackTitle "II"]
[WhiteElo "1805"]
[BlackElo "1409"]

1. e4 e6 2. d4 d5 3. Nd2 c5 4. exd5 exd5 5. Bb5+ Nc6 6. Ngf3 Bd6 7. dxc5 Bxc5 8.
O-O Nge7 9. Nb3 Bd6 10. h3 O-O 11. c3 a6 12. Bd3 Ng6 13. Bxg6 hxg6 14. Bg5 Ne7
15. Qd2 Be6 16. Bf4 Nf5 17. Bxd6 Qxd6 18. Nbd4 Nxd4 19. Nxd4 Kh7 20. Rfe1 Rh8
21. Qg5 Rae8 22. Re3 Bd7 23. Qh4+ Kg8 24. Rxe8+ Bxe8 25. Qg3 Qd8 26. Re1 Rh5 27.
Qe3 Bd7 28. Qe7 Qc8 29. Re5 Rxe5 30. Qxe5 Bc6 31. Qd6 Qe8 32. Kh2 Kh7 33. Nf3
Kg8 34. Qe5 Qd8 35. Nd4 Qc8 36. f4 Kh8 37. Qe7 Kg8 38. Nf3 Qb8 39. Ne5 Be8 40.
Kh1 Qc8 41. Qd6 Bc6 42. Nf3 Qe8 43. Nd4 Kh7 44. Kh2 Kg8 45. f5 g5 46. f6 Qe4 47.
Nf3 Qg6 48. Qd8+ Kh7 49. fxg7 Qxg7 50. Qxg5 Qf8 51. Qf5+ Kg8 52. h4 Qd6+ 53. Qe5
Qd7 54. h5 Kh7 55. Qg5 Qd6+ 56. Qg3 Qxg3+ 57. Kxg3 Kh6 58. Kh4 f6 59. g4 Bd7 60.
Nd4 b5 61. b4 Kh7 62. Kg3 Kh6 63. Kf4 Kh7 64. g5 fxg5+ 65. Kxg5 Bh3 66. Nc6 Bf1
67. Nb8 Bc4 68. a3 Bd3 69. Nd7 Bc4 70. Nf6+ Kg7 71. h6+ Kh8 72. Kf4 Bb3 73. Ke5
Bc4 74. Nxd5 Kh7 75. Nc7 Kxh6 76. Kd4 Kg6 77. Nxa6 Kf6 78. a4 Ke7 79. Nc7 bxa4
80. Kxc4 Kd7 81. Nd5 a3 82. Kb3 1-0

[Event "POLFINAL MISTRZOSTW POLSKI JUNIOROW 2017 - C15"]
[Site "Jastrzebia Gora"]
[Date "2017-11-19"]
[Round "2.19"]
[White "Kutylo, Konrad"]
[Black "Rogala, Milosz"]
[Result "0-1"]
[WhiteTitle "II"]
[BlackTitle "II"]
[WhiteElo "1405"]
[BlackElo "1750"]

1. e4 c6 2. d4 d5 3. exd5 cxd5 4. Bd3 Nc6 5. c3 Nf6 6. h3 g6 7. Nf3 Bg7 8. O-O
O-O 9. Qe2 Bf5 10. Bxf5 gxf5 11. Bf4 e6 12. Bg5 Qc7 13. Bxf6 Bxf6 14. Re1 Kh8
15. Ne5 Rg8 16. Nd2 Rg7 17. f4 Bxe5 18. fxe5 Rag8 19. Nf3 Ne7 20. Kh1 Ng6 21.
Rg1 Nf4 22. Qd2 Nh5 23. Kh2 Ng3 24. Qf2 Qd8 25. Rae1 Qf8 26. Re3 Ne4 27. Qc2 Rg3
28. Re2 Qg7 29. Rd1 Rxh3+ 30. gxh3 Qg3+ 31. Kh1 Qxf3+ 32. Kh2 Qg3+ 33. Kh1 Qxh3+
34. Rh2 Qf3+ 0-1

[Event "POLFINAL MISTRZOSTW POLSKI JUNIOROW 2017 - C15"]
[Site "Jastrzebia Gora"]
[Date "2017-11-19"]
[Round "2.20"]
[White "Distel, Pawel"]
[Black "Stefanski, Adam"]
[Result "1-0"]
[WhiteTitle "II+"]
[BlackTitle "II+"]
[WhiteElo "1573"]
[BlackElo "1370"]

1. e4 d6 2. d4 g6 3. Nf3 Bg7 4. g3 Nf6 5. Nc3 O-O 6. Bg2 Nbd7 7. O-O e5 8. dxe5
Nxe5 9. Nxe5 dxe5 10. Bg5 h6 11. Be3 b6 12. Qe2 a5 13. Rfd1 Qe7 14. Nd5 Nxd5 15.
Rxd5 Bb7 16. Rd2 Ba6 17. Qe1 Rfd8 18. Rad1 Kh7 19. Rxd8 Rxd8 20. Rxd8 Qxd8 21.
Qd2 Qxd2 22. Bxd2 Kg8 23. Bf1 Bxf1 24. Kxf1 h5 25. Ke2 Kf8 26. Kd3 Ke7 27. Kc4
Kd7 28. Kb5 Bf8 29. Be3 Be7 30. a4 Bd8 31. c3 c6+ 32. Ka6 c5 33. Kb7 g5 34. Bd2
f6 35. b4 axb4 36. cxb4 c4 37. a5 bxa5 38. bxa5 Bxa5 39. Bxa5 Ke6 40. Kc6 f5 41.
Kc5 fxe4 42. Kxc4 Kf5 43. Kd5 h4 44. Bd2 Kg4 45. Kxe4 Kh3 46. Bxg5 hxg3 47. hxg3
Kg4 48. Bf6 Kh5 49. Bxe5 Kg6 50. Kf4 Kf7 51. Kf5 Kg8 52. Kg6 Kf8 53. f4 Kg8 54.
f5 Kf8 55. f6 Kg8 56. f7+ Kf8 57. Bd6# 1-0

[Event "POLFINAL MISTRZOSTW POLSKI JUNIOROW 2017 - C15"]
[Site "Jastrzebia Gora"]
[Date "2017-11-19"]
[Round "2.21"]
[White "Jaszczuk, Mateusz"]
[Black "Markiewicz, Krzysztof"]
[Result "0-1"]
[WhiteTitle "II+"]
[BlackTitle "II"]
[WhiteElo "1389"]
[BlackElo "1566"]

1. e4 c5 2. Nf3 d6 3. d4 cxd4 4. Nxd4 Nf6 5. Nc3 e6 6. Be3 Be7 7. f3 O-O 8. g4
Nc6 9. Qd2 a6 10. h4 d5 11. g5 Nh5 12. exd5 exd5 13. Rg1 Re8 14. O-O-O Bb4 15.
a3 Ba5 16. Nxc6 bxc6 17. Bd4 Bc7 18. Ne2 Bh2 19. Rh1 Qc7 20. Qc3 Bd6 21. f4 Bg4
22. Re1 c5 23. Bf2 d4 24. Qc4 Nxf4 25. Nxf4 Rxe1+ 26. Bxe1 Bxf4+ 27. Kb1 Qc6 28.
Rg1 Be6 29. Bg2 Qxg2 30. Qxe6 Qxg1 31. Qe4 Rf8 32. Qxf4 Qxe1+ 33. Ka2 Qe6+ 34.
Kb1 0-1

[Event "POLFINAL MISTRZOSTW POLSKI JUNIOROW 2017 - C15"]
[Site "Jastrzebia Gora"]
[Date "2017-11-19"]
[Round "2.22"]
[White "Sandomierski, Cyprian"]
[Black "Zurawicki, Jakub"]
[Result "1/2-1/2"]
[WhiteTitle "II"]
[BlackTitle "II+"]
[WhiteElo "1257"]
[BlackElo "1541"]

1. d4 Nf6 2. Bg5 e6 3. e3 Be7 4. Bd3 h6 5. Bh4 d5 6. Nf3 Nc6 7. c3 O-O 8. Nbd2
Nh7 9. Bxe7 Qxe7 10. Qc2 Nf6 11. O-O-O e5 12. dxe5 Nxe5 13. Nxe5 Qxe5 14. Nf3
Qe7 15. h3 Be6 16. Nd4 c5 17. Nxe6 fxe6 18. f3 c4 19. Bg6 Qc5 20. Rhe1 b5 21.
e4 b4 22. e5 Nd7 23. Qa4 Nb6 24. Qxb4 Qxb4 25. cxb4 Rab8 26. a3 Rfd8 27. Rd4 Rbc8
28. Re3 Rc7 29. Bc2 Re8 30. a4 Nd7 31. f4 Rf8 32. h4 Rb7 33. b5 Nc5 34. Kd2 a6
35. Ra3 axb5 36. a5 Ra7 37. Kc3 Na6 38. b4 cxb3 39. Kxb3 b4 40. Ra2 Rb7 41. Bb1
Nc5+ 42. Kb2 Ra8 43. Bd3 Nxd3+ 44. Rxd3 Rba7 45. Rd4 Rxa5 46. Rxa5 Rxa5 47. Rxb4
Ra6 48. h5 Ra7 49. g3 Kf7 50. g4 Rc7 51. g5 g6 52. hxg6+ Kxg6 53. gxh6 Kxh6 54.
Rb6 Re7 55. f5 Kg5 56. Rxe6 Rb7+ 57. Kc3 Kxf5 58. Re8 Ke4 59. e6 Rc7+ 60. Kd2
Ke5 61. Kd3 Kd6 62. e7 Rxe7 63. Rxe7 Kxe7 64. Kd4 Kd6 65. Kd3 Ke5 66. Ke3 d4+
67. Kd3 Kd5 68. Kd2 Ke4 69. Ke2 d3+ 70. Kd2 Kd4 71. Kd1 Kc3 72. Kc1 Kb3 73. Kd2
Kc4 74. Kd1 Kc3 75. Kc1 d2+ 76. Kd1 Kd3 1/2-1/2

[Event "POLFINAL MISTRZOSTW POLSKI JUNIOROW 2017 - C15"]
[Site "Jastrzebia Gora"]
[Date "2017-11-19"]
[Round "2.23"]
[White "Socha, Kamil"]
[Black "Swiatek, Mateusz"]
[Result "1-0"]
[WhiteTitle "II"]
[BlackTitle "II"]
[WhiteElo "1526"]
[BlackElo "1190"]

1. e4 c5 2. Nf3 e6 3. g3 Nc6 4. Bg2 Qc7 5. O-O a6 6. c3 Nf6 7. Re1 Be7 8. d4 cxd4
9. cxd4 O-O 10. Nc3 Bb4 11. Bf4 Qa5 12. Qd3 d5 13. e5 Ne4 14. Nxe4 dxe4 15. Rxe4
f5 16. exf6 Rxf6 17. Be5 Nxe5 18. Rxe5 Qd8 19. Ng5 Rg6 20. Nxh7 Rh6 21. Be4 Bd6
22. Rg5 Be7 23. h4 Bxg5 24. Nxg5 Qf6 25. Rc1 Qe7 26. d5 e5 27. Rd1 Qd6 28. Qf3
Qf6 29. Qe3 Bg4 30. f3 Bd7 31. d6 Bc6 32. Bxc6 bxc6 33. Qb3+ Kf8 34. Qb7 Rd8 35.
Qc7 Ke8 36. Qxc6+ Rd7 37. Qxa6 Rxd6 38. Qc8+ Ke7 39. Qc7+ Ke8 40. Rxd6 Qxd6 41.
Qf7+ Kd8 42. Qxg7 Qd1+ 43. Kg2 Rc6 44. Qxe5 Rc1 45. Qb8+ Ke7 46. Qb4+ Kd7 47.
Qb5+ Ke7 48. Kh3 Kf6 49. Ne4+ Ke7 50. Qb4+ Ke8 51. Qb5+ Kd8 52. Qg5+ Kc7 53. a4
Qd4 54. Qa5+ Kd7 55. Qd2 Rd1 56. Qxd4+ Rxd4 57. h5 Rb4 58. Ng5 Ke7 1-0

[Event "POLFINAL MISTRZOSTW POLSKI JUNIOROW 2017 - C15"]
[Site "Jastrzebia Gora"]
[Date "2017-11-19"]
[Round "2.24"]
[White "Wilgosz, Jan"]
[Black "Brzozowski, Pawel"]
[Result "1-0"]
[WhiteTitle "II"]
[BlackTitle "II+"]
[WhiteElo "1144"]
[BlackElo "1521"]

1. e4 e6 2. d4 d5 3. exd5 exd5 4. c4 Nf6 5. Nc3 c6 6. Nf3 Bf5 7. Bd3 Bg6 8. O-O
Be7 9. Re1 O-O 10. Bf4 Bd6 11. Bg5 Nbd7 12. cxd5 Bxd3 13. Qxd3 h6 14. Bxf6 Nxf6
15. dxc6 bxc6 16. Rac1 Rb8 17. Rc2 Qd7 18. Ne4 Nd5 19. a3 Nf4 20. Qf1 g5 21. Nf6+
1-0

[Event "POLFINAL MISTRZOSTW POLSKI JUNIOROW 2017 - C15"]
[Site "Jastrzebia Gora"]
[Date "2017-11-19"]
[Round "3.1"]
[White "Kopec, Norbert"]
[Black "Warchol, Bartosz"]
[Result "0-1"]
[WhiteTitle "II+"]
[BlackTitle "I++"]
[WhiteElo "1706"]
[BlackElo "1963"]

1. e4 c5 2. a3 Nc6 3. b4 e6 4. Bb2 Qb6 5. Nc3 cxb4 6. Na4 Qc7 7. axb4 Nf6 8. b5
Na5 9. d3 b6 10. c4 Bb4+ 11. Bc3 Bxc3+ 12. Nxc3 d5 13. exd5 exd5 14. Nf3 O-O 15.
Rc1 dxc4 16. dxc4 Bb7 17. Be2 Rfe8 18. O-O Rac8 19. Na4 Ne4 20. Qc2 Nc5 21. Nb2
Qe7 22. Rce1 Bxf3 23. gxf3 Qh4 24. Bd3 Nab3 25. Be4 Re6 26. Bf5 Nd4 27. Bxe6 Nxc2
28. Bxc8 Nxe1 29. Rxe1 g6 30. Re2 Kg7 31. Re1 Qf6 32. Nd1 Qxf3 33. Ne3 Nd3 34.
Rf1 f5 35. Be6 Nf4 36. Bxf5 Ne2# 0-1